000 00266nam a2200097Ia 4500
001 706720
005 20250826162454.0
008 250824s9999 xx 000 0 und d
245 0 _aİSLAM İLMİHALİ ORTA BOY
_cLÜTFİ ŞENTÜRK
260 _bDİYANET İŞLERİ YAYINLARI
999 _c706720
_d706720